[Event "Foxwoods Open"]
[Site "Foxwoods"]
[Date "2007.04.05"]
[EventDate "2007.??.??"]
[Round "2"]
[Result "1-0"]
[White "Matt J Parry"]
[Black "Brian Fiedler"]
[WhiteElo "2219"]
[BlackElo "2363"]
[PlyCount "79"]

1. e4 c5 2. Nf3 d6 3. Bb5+ Bd7 4. Bxd7+ Qxd7 5. c4 e5 6. Nc3
Nc6 7. d3 g6 8. O-O Bg7 9. a3 Nge7 10. b4 O-O 11. Rb1 f5
12. Nd5 h6 13. Qa4 cxb4 14. axb4 f4 15. b5 Nd8 16. Nb6 axb6
17. Qxa8 Ne6 18. Qa2 g5 19. Ne1 g4 20. f3 g3 21. h3 Rf7
22. Qd2 Ng6 23. Bb2 Nh4 24. Rd1 Bf6 25. Qc2 Rg7 26. Rd2 Ng5
27. d4 exd4 28. Bxd4 Bxd4+ 29. Rxd4 Nxh3+ 30. gxh3 g2 31. Rf2
Qxh3 32. Nxg2 Nxf3+ 33. Rxf3 Qxf3 34. Rxd6 Qe3+ 35. Qf2 Qxe4
36. Rd4 Qg6 37. Rxf4 Kh7 38. Rf6 Qb1+ 39. Kh2 Qb4 40. Qf5+ 1-0